000 00687nam a2200277Ia 4500
005 20260324133243.0
008 008 260324s9999 xx 000 0 eng d
020 _a9781410607676
037 _aEBOOK
040 _aCRL
040 _beng
040 _cCRL
041 _2eng
041 _aeng
084 _qCRL
100 _aSanford L. Braver; David P. MacKinnon; Melanie Page
_91192383
245 0 _aLevine's Guide to SPSS for Analysis of Variance
260 _bTaylor and Francis
260 _c2003
365 _a
365 _b230
856 _uhttp://www.taylorfrancis.com/books/9781410607676
942 _cEBOOK
999 _c1791263
_d1791263